Die Italienische plastik des Quattrocento (Record no. 7185)

MARC details
000 -CABECERA
campo de control de longitud fija 00954nam a2200277 a 4500
001 - NÚMERO DE CONTROL
campo de control BRCA_7511
005 - FECHA Y HORA DE LA ÚLTIMA TRANSACCIÓN
campo de control 20190320205851.0
008 - DATOS DE LONGITUD FIJA--INFORMACIÓN GENERAL
campo de control de longitud fija 090513s1919----gw-a###f##---#001-0#ger-#
041 ## - CÓDIGO DE LENGUA
Código de lengua del texto/banda sonora o título independiente ger
044 ## - CÓDIGO DEL PAÍS DE LA ENTIDAD EDITORA/PRODUCTORA
Código MARC del país gw
050 #4 - SIGNATURA TOPOGRÁFICA DE LA BIBLIOTECA DEL CONGRESO
Número de clasificación NB615
Número de documento/Ítem .S38 1919
100 1# - ENTRADA PRINCIPAL--NOMBRE DE PERSONA
Nombre de persona Schubring, Paul
9 (RLIN) 18520
245 10 - MENCIÓN DE TÍTULO
Título Die Italienische plastik des Quattrocento
Mención de responsabilidad, etc. von Paul Schubring ; begründet von Fritz Burger ; herausgegeben von A. E. Brinckmann.
260 ## - PUBLICACIÓN, DISTRIBUCIÓN, ETC.
Lugar de publicación, distribución, etc. Alemania
Nombre del editor, distribuidor, etc. Akademische Verlagsgesellschaft Athenaion
Fecha de publicación, distribución, etc. 1919
300 ## - DESCRIPCIÓN FÍSICA
Extensión 282 p.
Otras características físicas il. (algunas a color), 11 láminas
Dimensiones 29 cm.
440 #0 - MENCIÓN DE SERIE/PUNTO DE ACCESO ADICIONAL--TÍTULO
Título Handbuch der Kunstwissensschaft
9 (RLIN) 18521
500 ## - NOTA GENERAL
Nota general Incluye índice onomástico e índice de ilustraciones
500 ## - NOTA GENERAL
Nota general R52
650 14 - PUNTO DE ACCESO ADICIONAL DE MATERIA--TÉRMINO DE MATERIA
Término de materia o nombre geográfico como elemento de entrada Escultura italiana
9 (RLIN) 18522
650 14 - PUNTO DE ACCESO ADICIONAL DE MATERIA--TÉRMINO DE MATERIA
Término de materia o nombre geográfico como elemento de entrada Escultura
Subdivisión general Historia
9 (RLIN) 3347
650 14 - PUNTO DE ACCESO ADICIONAL DE MATERIA--TÉRMINO DE MATERIA
Término de materia o nombre geográfico como elemento de entrada Escultores italianos
9 (RLIN) 7653
700 1# - PUNTO DE ACCESO ADICIONAL--NOMBRE DE PERSONA
Nombre de persona Burger, Fritz
9 (RLIN) 18523
700 1# - PUNTO DE ACCESO ADICIONAL--NOMBRE DE PERSONA
Nombre de persona Brinckmann, A. E.
Término indicativo de función/relación ed.
9 (RLIN) 18524
902 ## - CATALOGADOR
Iniciales GFM
942 ## - ELEMENTOS DE PUNTO DE ACCESO ADICIONAL (KOHA)
Fuente del sistema de clasificación o colocación Library of Congress Classification
Tipo de ítem Koha Libros
Holdings
Estado de retiro Estado de pérdida Estado dañado No para préstamo Localización permanente Ubicación/localización actual Fecha de adquisición Número de inventario Total de préstamos Signatura topográfica completa Código de barras Fecha visto por última vez Precio válido a partir de Tipo de ítem Koha
El ejemplar forma parte de la colección y puede ser consultado según las políticas vigentes.       Biblioteca del Museo Franz Mayer (Rogerio Casas-Alatriste) Biblioteca del Museo Franz Mayer (Rogerio Casas-Alatriste) 09/05/2013 R52   NB615 .S38 1919 (R52) 8116 22/03/2019 22/03/2019 Libros